000 01085cam a22002055a 4500
001 L137916
008 070508s2005 xxk f 100 0 eng d
035 _a(Sirsi) u137916
041 0 _aeng
100 1 _aMale, Steven
245 0 0 _aReasonable access to the physical built environment for the disabled
_ba methodological exploration
_h[electronic resource]
260 _c2005
520 _aDiscusses a pan European strategic need to determine the policy, technical expression and business case implications concerning the question of "reasonableness" applied to the provision of access and accommodation to disabled persons in the physical built environment.
651 4 _aEUROPEAN UNION
690 _aMANAGEMENT-BUSINESS MANAGEMENT-DISCRIMINATION-DISABILITY DISCRIMINATION-ACCESSIBILITY
700 1 _aSpiteri, Joseph
711 2 _aConstruction and building Research Conference
_cUniversity of Queensland, Brisbane
_d4-5 July 2005
856 4 0 _uhttps://www.rics.org/site/scripts/download_info.aspx?downloadID=2584
_zView the item free of charge at www.rics.org...
942 _n0
999 _c106934
_d106934